Forbes' Most Powerful People 2009-2018 - Statistics

General Stats
  • This quiz has been taken 116 times
  • The average score is 42 of 90
Answer Stats
Ranking Answer % Correct
2 Donald Trump
96%
3 Donald Trump
96%
3 Vladimir Putin
94%
4 Vladimir Putin
94%
2 Vladimir Putin
94%
3 Vladimir Putin
94%
1 Vladimir Putin
94%
1 Vladimir Putin
94%
1 Vladimir Putin
94%
1 Vladimir Putin
94%
2 Vladimir Putin
94%
1 Barack Obama
93%
2 Barack Obama
93%
1 Barack Obama
93%
1 Barack Obama
93%
2 Barack Obama
93%
2 Barack Obama
93%
3 Barack Obama
93%
9 Xi Jinping
76%
3 Xi Jinping
76%
3 Xi Jinping
76%
5 Xi Jinping
76%
4 Xi Jinping
76%
1 Xi Jinping
76%
6 Angela Merkel
73%
4 Angela Merkel
73%
2 Angela Merkel
73%
5 Angela Merkel
73%
5 Angela Merkel
73%
2 Angela Merkel
73%
3 Angela Merkel
73%
4 Angela Merkel
73%
10 Bill Gates
70%
10 Bill Gates
70%
5 Bill Gates
70%
4 Bill Gates
70%
6 Bill Gates
70%
7 Bill Gates
70%
6 Bill Gates
70%
7 Bill Gates
70%
7 Bill Gates
70%
5 Jeff Bezos
63%
9 Mark Zuckerberg
55%
10 Mark Zuckerburg
55%
9 Narendra Modi
35%
9 Narendra Modi
35%
9 Narendra Modi
35%
7 David Cameron
32%
10 David Cameron
32%
10 David Cameron
32%
10 David Cameron
32%
8 David Cameron
32%
4 Pope Francis
18%
4 Pope Francis
18%
4 Pope Francis
18%
5 Pope Francis
18%
6 Pope Francis
18%
5 Pope Benedict XVI
17%
7 Pope Benedict XVI
17%
5 Pope Benedict XVI
17%
5 Sergey Brin and Larry Page
17%
9 Abdullah bin Abdulaziz Al Saud
13%
3 Abdullah bin Abdulaziz Al Saud
13%
6 Abdullah bin Abdulaziz Al Saud
13%
7 Abdullah bin Abdulaziz Al Saud
13%
8 Abdullah bin Abdulaziz Al Saud
13%
10 Larry Page
13%
8 Larry Page
13%
10 Larry Page
13%
9 Sergey Brin and Larry Page
13%
7 Rupert Murdoch
10%
2 Hu Jintao
8%
1 Hu Jintao
8%
3 Hu Jintao
8%
9 Sonia Gandhi
7%
6 Carlos Slim
6%
8 Mohammad bin Salman Al Saud
5%
4 Ben Bernanke
4%
8 Ben Bernanke
4%
8 Ben Bernanke
4%
6 Ben Bernanke
4%
7 Ben Bernanke
4%
6 Janet Yellen
4%
7 Janet Yellen
4%
6 Janet Yellen
4%
8 Mario Draghi
2%
9 Mario Draghi
2%
8 Mario Draghi
2%
8 Mike Duke
2%
10 Mike Duke
2%
No matching quizzes found
Score Distribution
Percent of People with Each Score
Percentile by Number Answered
Your Score History
You have not taken this quiz